The tempest / (Record no. 781)

000 -LEADER
fixed length control field 01162cam a2200337 a 4500
003 - CONTROL NUMBER IDENTIFIER
control field UkOxU
005 - DATE AND TIME OF LATEST TRANSACTION
control field 20210617084959.0
008 - FIXED-LENGTH DATA ELEMENTS--GENERAL INFORMATION
fixed length control field 980417r19981987enka b 001 0 eng d
020 ## - INTERNATIONAL STANDARD BOOK NUMBER
International Standard Book Number 0192834142
040 ## - CATALOGING SOURCE
Transcribing agency ALUPE UNIVERSITY
050 #0 - LIBRARY OF CONGRESS CALL NUMBER
Classification number PR2833
Item number .A2 O74 1998
092 ## - LOCALLY ASSIGNED DEWEY CALL NUMBER (OCLC)
Classification number 13196759
100 1# - MAIN ENTRY--PERSONAL NAME
Personal name Shakespeare, William,
Dates associated with a name 1564-1616.
245 14 - TITLE STATEMENT
Title The tempest /
Statement of responsibility, etc. William Shakespeare ; edited by Stephen Orgel.
260 ## - PUBLICATION, DISTRIBUTION, ETC.
Place of publication, distribution, etc. Oxford :
Name of publisher, distributor, etc. Oxford University Press,
Date of publication, distribution, etc. 1998.
300 ## - PHYSICAL DESCRIPTION
Extent x, 248 p. :
Other physical details ill. ;
Dimensions 20 cm.
500 ## - GENERAL NOTE
General note Originally published: Oxford : Clarendon Press, 1987.
504 ## - BIBLIOGRAPHY, ETC. NOTE
Bibliography, etc. note Includes bibliographical references (p. 89-92) and index.
700 10 - ADDED ENTRY--PERSONAL NAME
Personal name Orgel, Stephen.
800 1# - SERIES ADDED ENTRY--PERSONAL NAME
Title of a work Works.
Date of a work 1982.
942 ## - ADDED ENTRY ELEMENTS (KOHA)
Source of classification or shelving scheme
Koha item type Book
Suppress in OPAC SO
Holdings
Withdrawn status Lost status Source of classification or shelving scheme Damaged status Not for loan Permanent Location Current Location Shelving location Date acquired Total Checkouts Full call number Barcode Date last seen Price effective from Koha item type Public note
          AU LIBRARY AU LIBRARY Open Shelf 17.06.2021   PR2833 .A2 O74 1998 28003040 17.06.2021 17.06.2021 Book SO

Powered by Koha